000 01218nam a22002657a 4500
001 BINCO
003 CO-MdBIC
005 20220408200438.0
008 220408b2007 ck a|||| |||| 00| 0 spa d
020 _a9789584500656
040 _a CO-MdBIC
_bspa.
_cCO-MdBIC
_d CO-MdBIC
041 _aspa
082 _222
_a823.91
_bW734
100 _aWillis, Jeanne
_d1959
245 _aEl niño y los osos de peluche
_c/Willis, Jeanne, escritora
_f1959
260 1 _aBogotá, Colombia:
_bNorma,
_c[2007]
260 4 _a©2007
300 _a29 paginas;
_bilustraciones a color:
_c24 cm.
490 _abuenas noches
500 _aDebido a las travesuras de tres pequeñas hadas, un bebé humano termina bajo el cuidado de tres regordetes osos de peluches. Con las mejores intensiones y mucho amor, los osos lo crían como si fuera un osito más, enseñándole a gruñir, a dar y recibir abrazos de oso e incluso, a anudarse una cinta roja en el cuello. Entonces, en su cuarto cumpleaños, alguien que toca a la puerta hace que el mundo del niño y los ositos cambie completamente.
650 7 _9100
_aEducación infantil
700 _aSusan Varley
_d1961
_eilustradora
700 _aCristina Puerta
_etraductora
942 _cLGB
999 _c67712
_d67712